Endocrine physiology
| Main Author: | Cheng, Hwee Ming |
|---|---|
| Published: |
Petaling Jaya, Selangor:
Prentice Hall,
2003.
|
| Series: |
Physiology Questions with Explanatory Notes
|
| Subjects: |
| LEADER | 00546cam a2200169 7i4500 | ||
|---|---|---|---|
| 001 | 0000001492 | ||
| 005 | 20200605090000.0 | ||
| 020 | |a 9832473632 | ||
| 090 | 0 | 0 | |a QP176 |b .C46 2003 |
| 100 | 3 | |a Cheng, Hwee Ming | |
| 245 | 1 | 0 | |a Endocrine physiology |c Cheng Hwee Ming. |
| 260 | |a Petaling Jaya, Selangor: |b Prentice Hall, |c 2003. | ||
| 300 | |a 80 p.; |c 23 cm. | ||
| 490 | 0 | |a Physiology Questions with Explanatory Notes | |
| 650 | 0 | 0 | |a Endocrine glands -- |x Physiology |
| 997 | |a Health Sciences, Faculty | ||
| 999 | |a 0000008853 |b BOK |c OPEN SHELF |e 1st Floor, Shah Alam | ||


